[Event "Bekasi Percasi op 1st"]
[Site "Bekasi"]
[Date "2023.11.03"]
[Round "5"]
[White "Johan, Muhammad"]
[Black "Riziq, Ahmad"]
[Result "1-0"]
[WhiteElo "2164"]
[BlackElo "2049"]
[PlyCount "133"]
[EventDate "2023.11.01"]
[EventType "swiss"]
[EventRounds "9"]
[EventCountry "INA"]
[SourceTitle "CB46_2023"]
[SourceDate "2023.11.15"]
[SourceVersion "1"]
[SourceVersionDate "2023.11.15"]
[SourceQuality "1"]

1. e4 d5 2. exd5 Nf6 3. d4 Nxd5 4. c4 Nb4 5. a3 N4c6 6. d5 Ne5 7. Bf4 Ng6 8. Bg3 e6 9. Nc3 Bd6 10. Nf3 0-0 11. Be2 exd5 12. cxd5 Re8 13. 0-0 Nd7 14. Bb5 a6 15. Ba4 b5 16. Bb3 Nb6 17. Nd4 Bb7 18. Nf5 Be5 19. Rc1 Rc8 20. Qf3 Bf6 21. Rfd1 Ne5 22. Qe4 g6 23. Nh6+ Kg7 24. Ng4 Nec4 25. Qf4 Bg5 26. Qd4+ Bf6 27. Qf4 Bg5 28. Qd4+ Bf6 29. Qf4 Bg5 30. Qd4+ Bf6 31. Nxf6 Qxf6 32. Bxc4 Qxd4 33. Rxd4 Nxc4 34. a4 b4 35. Rxc4 bxc3 36. R4xc3 Bxd5 37. Bxc7 Kg8 38. Kf1 h6 39. f3 Re7 40. b4 Kh7 41. b5 axb5 42. axb5 Bb7 43. Kf2 g5 44. h3 Kg6 45. g4 h5 46. Bd6 Rxc3 47. Rxc3 Re6 48. Bc7 f5 49. gxf5+ Kxf5 50. Rc5+ Kg6 51. Bd8 Rd6 52. Bxg5 Rd5 53. Rxd5 Bxd5 54. f4 Kf5 55. Ke3 Bc4 56. b6 Bd5 57. Kd4 Bb7 58. Ke3 Ke6 59. Kf2 Bc8 60. Kg3 Bb7 61. Bd8 Kd7 62. Bc7 Ke6 63. Kh4 Bf3 64. Kg5 Kf7 65. f5 Kg8 66. Kf6 Bd5 67. Ke7 1-0

[Event "Penang op-A 9th"]
[Site "Penang"]
[Date "2017.12.04"]
[Round "1"]
[White "Johan, Muhammad"]
[Black "Sun, Chao"]
[Result "1/2-1/2"]
[WhiteElo "2154"]
[BlackElo "1731"]
[PlyCount "98"]
[EventDate "2017.12.04"]
[EventType "swiss"]
[EventRounds "9"]
[EventCountry "MAS"]
[SourceTitle "CBM 182 Extra"]
[Source "ChessBase"]
[SourceDate "2018.02.23"]
[SourceVersion "1"]
[SourceVersionDate "2018.02.23"]
[SourceQuality "1"]

1. e4 c6 2. d4 d5 3. Nc3 dxe4 4. Nxe4 Bf5 5. Ng3 Bg6 6. Nf3 Nd7 7. Bc4 e6 8. 0-0 Ngf6 9. Qe2 Be7 10. Nh4 Nd5 11. Nxg6 hxg6 12. Ne4 Qc7 13. h3 0-0-0 14. Bb3 N7f6 15. Ng5 Bd6 16. c4 Nf4 17. Qf3 N6h5 18. c5 Qe7 19. Nxf7 Qxf7 20. cxd6 Rxd6 21. Re1 Rf8 22. Be3 Nd5 23. Qxf7 Rxf7 24. Bg5 Kd7 25. Rad1 Rf5 26. h4 Nhf4 27. Kh2 Nb4 28. Re3 Nfd5 29. Re2 Nf4 30. Red2 Rf8 31. a3 Nbd5 32. g3 Nh5 33. Bc2 Ne7 34. Bxe7 Kxe7 35. Bxg6 Nf6 36. b4 Nd5 37. Bh5 Nc3 38. Re1 Nb5 39. Re4 Rf5 40. g4 Rfd5 41. Rf4 Rd7 42. g5 Nxd4 43. Kg2 Nf5 44. Re2 g6 45. Bf3 Rd4 46. Be4 R4d6 47. Kf3 e5 48. Rg4 Ke6 49. Kg2 Rd2 1/2-1/2